ARRUPE JESUIT UNIVERSITY

CORONAVIRUS -STOP THE SPREAD - CLEAN,DISINFECT,COVER

Adventures of a Boer family (Record no. 120337)

MARC details
000 -LEADER
fixed length control field 00372nam a22001337a 4500
005 - DATE AND TIME OF LATEST TRANSACTION
control field 20140402110113.0
008 - FIXED-LENGTH DATA ELEMENTS--GENERAL INFORMATION
fixed length control field 140402b xxu||||| |||| 00| 0 eng d
050 ## - LIBRARY OF CONGRESS CALL NUMBER
Classification number SPC DT932.
Item number P7
100 ## - MAIN ENTRY--PERSONAL NAME
Personal name Pohl, Victor
9 (RLIN) 9642
245 ## - TITLE STATEMENT
Title Adventures of a Boer family
Statement of responsibility, etc Pohl, Victor
260 ## - PUBLICATION, DISTRIBUTION, ETC. (IMPRINT)
Place of publication, distribution, etc London
Name of publisher, distributor, etc Faber and Faber
Date of publication, distribution, etc 1944
300 ## - PHYSICAL DESCRIPTION
Extent 118p.;
Dimensions 21cm.
942 ## - ADDED ENTRY ELEMENTS (KOHA)
Source of classification or shelving scheme Library of Congress Classification
Item type Monograph ( Printed materials)
Holdings
Withdrawn status Lost status Source of classification or shelving scheme Damaged status Not for loan Collection code Home library Current library Shelving location Date acquired Total Checkouts Full call number Barcode Date last seen Price effective from Koha item type
    Library of Congress Classification     SPECIAL Collection ARRUPE LIBRARY ARRUPE LIBRARY Main Collection 02/04/2014   SPC DT932. P7 46500002057 02/04/2014 02/04/2014 Monograph ( Printed materials)

 

Arrupe Library. PO Box MP320 Mt Pleasant, Harare, Zimbabwe
263 242 745411|librarian@aju.ac.zw